Detalles MARC
| 000 -LEADER |
| fixed length control field |
01757 am a2200541 a 4500 |
| 005 - FECHA ULTIMA MODIFICACION |
| control field |
20240625082516.0 |
| 008 - CAMPO DE CONTROL (LIBRO) |
| fixed length control field |
100624s2005||||mx a f |||| 001 0 spa d |
| 020 ## - INTERNATIONAL STANDARD BOOK NUMBER |
| ISBN |
9706864253 |
| 041 ## - CODIGO DE IDIOMA |
| Código de idioma del texto/pista de sonido o título separado |
spa |
| 092 ## - SIGNATURA TOPOGRAFICA DEWEY LOCAL |
| número de clasificación |
530 |
| libristica |
78 |
| sección |
SER |
| 100 1# - ENTRADA PRINCIPAL--NOMBRE PERSONAL |
| Nombre personal |
Serway, Raymond A. |
| 9 (RLIN) |
1154 |
| 245 ## - TITULO PROPIAMENTE DICHO |
| Título |
Física para Ciencia e Ingeniería. |
| Subtítulo y Título paralelo |
T.2 / |
| Mención de responsabilidad y remanente de la transcripción de la portada |
Raymond A. Serway |
| 250 ## - MENCION DE EDICION |
| Mención de edición |
6a ed. |
| Mención de responsabilidad relacionada con la ed. |
Traducción Jorge Humberto Romo. |
| 260 ## - PIE DE IMPRENTA |
| Lugar de publicación, distribución, etc |
México: |
| Nombre de la editorial, distribuidor, etc |
Thompson; |
| Fecha de publicación |
2005. |
| 300 ## - DESCRIPCION FISICA |
| Extension |
848 p. |
| 500 ## - NOTA GENERAL |
| Nota general |
Serway, R. A. y Jewett, J. W. (2005). Física para Ciencia e Ingeniería. T.2 (6a ed.). México : Thompson. |
| 653 ## - TÉRMINO INDIZADO - PALABRAS CLAVES |
| Palabra clave |
Campos eléctricos |
| 653 ## - TÉRMINO INDIZADO - PALABRAS CLAVES |
| Palabra clave |
Ley de gauss |
| 653 ## - TÉRMINO INDIZADO - PALABRAS CLAVES |
| Palabra clave |
Potencial eléctrico |
| 653 ## - TÉRMINO INDIZADO - PALABRAS CLAVES |
| Palabra clave |
Capacitancia y los materiales dieléctricos |
| 653 ## - TÉRMINO INDIZADO - PALABRAS CLAVES |
| Palabra clave |
Corriente y resistencia |
| 653 ## - TÉRMINO INDIZADO - PALABRAS CLAVES |
| Palabra clave |
Circuitos de corriente directa |
| 653 ## - TÉRMINO INDIZADO - PALABRAS CLAVES |
| Palabra clave |
Campos magnéticos |
| 653 ## - TÉRMINO INDIZADO - PALABRAS CLAVES |
| Palabra clave |
Fuentes del campo magnético |
| 653 ## - TÉRMINO INDIZADO - PALABRAS CLAVES |
| Palabra clave |
Ley de Faraday |
| 653 ## - TÉRMINO INDIZADO - PALABRAS CLAVES |
| Palabra clave |
Inductancia |
| 653 ## - TÉRMINO INDIZADO - PALABRAS CLAVES |
| Palabra clave |
Circuitos de corriente alterna |
| 653 ## - TÉRMINO INDIZADO - PALABRAS CLAVES |
| Palabra clave |
Ondas electromagnéticas |
| 653 ## - TÉRMINO INDIZADO - PALABRAS CLAVES |
| Palabra clave |
Naturaleza de la luz y leyes de óptica geométrica |
| 653 ## - TÉRMINO INDIZADO - PALABRAS CLAVES |
| Palabra clave |
Formación de imágenes |
| 653 ## - TÉRMINO INDIZADO - PALABRAS CLAVES |
| Palabra clave |
Interferencia de ondas de luz |
| 653 ## - TÉRMINO INDIZADO - PALABRAS CLAVES |
| Palabra clave |
Patrones de difracción y polarización |
| 653 ## - TÉRMINO INDIZADO - PALABRAS CLAVES |
| Palabra clave |
Relatividad |
| 653 ## - TÉRMINO INDIZADO - PALABRAS CLAVES |
| Palabra clave |
Introducción a la física cuántica |
| 653 ## - TÉRMINO INDIZADO - PALABRAS CLAVES |
| Palabra clave |
Mecánica cuántica |
| 653 ## - TÉRMINO INDIZADO - PALABRAS CLAVES |
| Palabra clave |
Física atómica |
| 653 ## - TÉRMINO INDIZADO - PALABRAS CLAVES |
| Palabra clave |
Moléculas y sólidos |
| 653 ## - TÉRMINO INDIZADO - PALABRAS CLAVES |
| Palabra clave |
Estructura nuclear |
| 653 ## - TÉRMINO INDIZADO - PALABRAS CLAVES |
| Palabra clave |
Aplicaciones de física nuclear |
| 653 ## - TÉRMINO INDIZADO - PALABRAS CLAVES |
| Palabra clave |
Física y cosmología de las partículas |
| 700 1# - ENTRADAS SECUNDARIAS - NOMBRE PERSONAL |
| Nombre personal |
Jewett, John W. |
| 9 (RLIN) |
1155 |
| 930 ## - NUMERO DE INVENTARIO |
| Número de inventario |
1502 |
| 930 ## - NUMERO DE INVENTARIO |
| Número de inventario |
1503 |
| 930 ## - NUMERO DE INVENTARIO |
| Número de inventario |
1504 |
| 930 ## - NUMERO DE INVENTARIO |
| Número de inventario |
1505 |
| 930 ## - NUMERO DE INVENTARIO |
| Número de inventario |
1506 |
| 942 ## - ADDED ENTRY ELEMENTS (KOHA) |
| Source of classification or shelving scheme |
Dewey Decimal Classification |
| Item type |
Libros |